000 00780nam a2200217 a 4500
008 951205s1982||||[C 0 slo c
020 _c16 Kčs.
_q(18000 výtl.)
040 _aSNK
_bslo
_cSNK
_eAACR2
041 1 _aslo
_hrus
044 _axo
_cSK
080 _a1 100.1(081.1)
100 1 _aLenin, Vladimir Iľjič
_4aut
245 1 0 _aZobrané spisy. /Zv./ 15
_bFebruár-jún 1907
_cVladimir Iľjič Lenin ; Edita Ščípová, Oto Takáč
250 _a2., slov. vyd.
260 _aBratislava
_bPravda
_c1982
_eBratislava
_fPravda
300 _a679 s., 31,00 AH
_c21 cm
500 _aFaksim. podpisu aut. na front. Zozn. nenájdených prác. Pozn. Men. reg. Životopis. údaje. Reg. lit. prác.
700 1 _aŠčípová, Edita
_4trl
700 1 _aTakáč, Oto
_4bkd
958 _aA
999 _c15436
_d15436